LEADER 01425nam--2200469---450- 001 990000412670203316 005 20070803133205.0 010 $a88-18-12024-7 035 $a0041267 035 $aUSA010041267 035 $a(ALEPH)000041267USA01 035 $a0041267 100 $a20010423d1986----km-y0itay0103----ba 101 $aita 102 $aIT 105 $a||||||||001yy 200 1 $a<> sacra pipa$fAlce Nero$gtesti redatti e commentati da Joseph Epes Brows$gtraduzione dall'inglese di Donatella Tippett Andaḷ 210 $aMilano$cRusconi$d1986 215 $a186 p.$d18 cm 312 $aThe sacre pipe 410 $12001 454 $12001$aThe sacre pipe$924115 461 1$1001-------$12001 606 0 $aIndiani$yOglala 676 $a970.1 700 1$aBLACK ELK$0525261 702 1$aBROWN,$bJoseph Epes 702 1$aTIPPETT ANDALO,$aDonatella 801 0$aIT$bsalbc$gISBD 912 $a990000412670203316 951 $aIII.2. 1283a(V B 794)$b96881 LM$cV B 951 $aIII.2. 1283(I B 246)$b100335 L.M.$cI B 959 $aBK 969 $aUMA 979 $aPATTY$b90$c20010423$lUSA01$h1357 979 $c20020403$lUSA01$h1649 979 $aPATRY$b90$c20040406$lUSA01$h1629 979 $aCOPAT4$b90$c20050228$lUSA01$h1347 979 $aCOPAT7$b90$c20060215$lUSA01$h1215 979 $aCOPAT1$b90$c20070803$lUSA01$h1332 996 $aThe sacre pipe$924115 997 $aUNISA LEADER 01641nam 2200493 450 001 9910793444403321 005 20200520144314.0 010 $a1-119-53986-2 010 $a1-119-53987-0 035 $a(CKB)4100000007877493 035 $a(MiAaPQ)EBC5742000 035 $a(Au-PeEL)EBL5742000 035 $a(OCoLC)1096245136 035 $a(EXLCZ)994100000007877493 100 $a20190418d2019 uy 0 101 0 $aeng 135 $aurcnu|||||||| 181 $ctxt$2rdacontent 182 $cc$2rdamedia 183 $acr$2rdacarrier 200 14$aThe law of tax-exempt healthcare organizations $e2019 cumulative supplement /$fThomas K. Hyatt and Bruce R. Hopkins 205 $aFourth edition. 210 1$aHoboken, New Jersey :$cWiley,$d[2019] 210 4$d2019 215 $a1 online resource (211 pages) 225 1 $aWiley nonprofit authority 311 $a1-119-53988-9 410 0$aWiley nonprofit authority series. 606 $aHealth facilities$xTaxation$xLaw and legislation$zUnited States 606 $aHospitals$xTaxation$xLaw and legislation$zUnited States 606 $aTax exemption$xLaw and legislation$zUnited States 615 0$aHealth facilities$xTaxation$xLaw and legislation 615 0$aHospitals$xTaxation$xLaw and legislation 615 0$aTax exemption$xLaw and legislation 676 $a343.73066 700 $aHyatt$b Thomas K.$0923953 702 $aHopkins$b Bruce R. 801 0$bMiAaPQ 801 1$bMiAaPQ 801 2$bMiAaPQ 906 $aBOOK 912 $a9910793444403321 996 $aThe law of tax-exempt healthcare organizations$93860157 997 $aUNINA